Psychological factors as predictors of college girl's orientation towards marriage and career (Record no. 18735)
[ view plain ]
| 000 -LEADER | |
|---|---|
| fixed length control field | 00573nam a2200193Ia 4500 |
| 082 ## - DEWEY DECIMAL CLASSIFICATION NUMBER | |
| Classification number | TB.0390 |
| 100 ## - MAIN ENTRY--AUTHOR NAME | |
| Personal name | Bahadur, Anshubhi |
| 245 #0 - TITLE STATEMENT | |
| Title | Psychological factors as predictors of college girl's orientation towards marriage and career |
| 250 ## - EDITION STATEMENT | |
| Edition statement | University of Allahabad, Allahabad |
| 260 ## - PUBLICATION, DISTRIBUTION, ETC. (IMPRINT) | |
| Year of publication | 2009 |
| 300 ## - PHYSICAL DESCRIPTION | |
| Number of Pages | 180 |
| 504 ## - BIBLIOGRAPHY, ETC. NOTE | |
| Bibliography, etc | include appendices and bibliography |
| 650 ## - SUBJECT ADDED ENTRY--TOPICAL TERM | |
| Topical Term | Girls |
| Form subdivision | Psychology |
| 650 ## - SUBJECT ADDED ENTRY--TOPICAL TERM | |
| Topical Term | Girls |
| Form subdivision | Social conditions |
| 650 ## - SUBJECT ADDED ENTRY--TOPICAL TERM | |
| Topical Term | Girls |
| Form subdivision | Conduct of life |
| 650 ## - SUBJECT ADDED ENTRY--TOPICAL TERM | |
| Topical Term | Girls |
| Form subdivision | Marriage and career |
| 710 ## - ADDED ENTRY--CORPORATE NAME | |
| Corporate name or jurisdiction name as entry element | Dhawan, Nisha |
| 942 ## - ADDED ENTRY ELEMENTS (KOHA) | |
| Koha item type | Thesis |
| Withdrawn status | Lost status | Damaged status | Not for loan | Home library | Current library | Date acquired | Source of acquisition | Bill Date | Full call number | Accession Number | Price effective from | Koha item type |
|---|---|---|---|---|---|---|---|---|---|---|---|---|
| NASSDOC Library | NASSDOC Library | 23/02/2010 | Gifted by : Fellowship Division, | 2009-09-24 | TB.0390 | 46106 | 18/04/2019 | Thesis |
